000 00677nam a22002297a 4500
999 _c7714
_d7714
003 AR-CdUCM
008 190321b ||||| |||| 00| 0 spa d
040 _aMUNICIPALIDAD PROVINCIAL DEL CUSCO
_cBIBLIOTECA MUNICIPAL DEL CUSCO
082 _a551 /
_bC83
110 _aEditorial mir
_921794
245 _aCosmonautica /
260 _aMoscu :
_bMir,
_c1969.
300 _a655 paginas ;
_bIlustraciones, graficos, dibujos, tabla,
_c22 cm.
500 _aEnciclopedia Sovietica
650 _aEnciclopedia
_918075
650 _aSovietica
_921795
650 _aGeofisica
_921796
700 _aGrdian, A.
_919877
700 _aPuig, J
_921797
942 _2ddc
_cLIBROS
945 _apjha